Normal view
MARC view
- WOODS, RICHARD.E EDDINS, STEVEN.L
Entry Personal Name
001 - CONTROL NUMBER
- control field: 81376
003 - CONTROL NUMBER IDENTIFIER
- control field: NUST
005 - DATE AND TIME OF LATEST TRANSACTION
- control field: 20210810114329.0
008 - FIXED-LENGTH DATA ELEMENTS
- fixed length control field: 210810|| aca||aabn | a|a d
040 ## - CATALOGING SOURCE
- Original cataloging agency: NUST
- Transcribing agency: NUST
100 ## - HEADING--PERSONAL NAME
- Personal name: WOODS, RICHARD.E EDDINS, STEVEN.L
670 ## - SOURCE DATA FOUND
- Source citation: Work cat.: (NUST)33126: GONZALEZ, RAFAEL.C 672, DIGITAL IMAGE PROCESSING USING MATLAB/, 2012
